000 01064nam a22002897a 4500
005 20211025102941.0
008 130821s1987 ag gr spa
020 _a9500601915
040 _aCO-BoUCM
_bspa
_cJose A. Gerena (modificó)
_d[Nuevo]
041 0 0 _aspa
060 _aWS 107.5 P7
100 1 _aBobath, Berta
_965330
245 1 0 _aActividad postural refleja anormal causada por lesiones cerebrales
_cBerta Bobath ; Traducción de Mario A. Mariño
250 _a3a ed
260 _aBuenos Aires (Argentina)
_bMédica Panamericana
_c1987
300 _a104 páginas
650 0 7 _aFisioterapia
_915956
650 0 7 _aNeurología
_920299
650 0 7 _aNiños con daño cerebral
_920357
650 0 7 _aPostura humana infantil
_xDesordenes
_922130
650 0 7 _aReflejos (Fisiología)
_923264
650 0 7 _aRehabilitación
_9361
650 0 7 _aTrastornos psicomotores en niños
_925797
690 _aPediatría
_921221
765 1 _aAbnormal postural reflex activity caused by brain lesions.
942 _cLIBRO
_a15
_e3
_mB663a
_2NLM
_hWS 107.5.P7
_n0
999 _c83587
_d83587